Systém adaptívneho tienenia strešných presklení

Na minha lista:
Detalhes bibliográficos
Autor principal: Ivanová, Ivana (Author)
Outros Autores: Masaryk, Michal (Thesis advisor)
Formato: Manuscrito Livro
Idioma:eslovaco
Publicado em: 2024
Assuntos:
Acesso em linha:http://is.stuba.sk/zp/portal_zp.pl?podrobnosti=186160
Tags: Adicionar Tag
Sem tags, seja o primeiro a adicionar uma tag!

MARC

LEADER 00000ntm a22000003a 4500
001 stuzp98747
003 SK-STU
005 20241118083929.4
007 ta
008 150427s2015----xo-----f-mn---000-0-slo-d
040 |a STU  |b slo 
041 0 |a slo 
100 1 |a Ivanová, Ivana  |u 020060  |4 aut  |U SjF Strojnícka fakulta  |T SjF Ústav energetických strojov a zariadení  |X 115748  |U J0060  |Y 805  |7 115748 
242 0 1 |a Adaptive shading of roof glazings and windows  |y eng 
245 1 0 |a Systém adaptívneho tienenia strešných presklení 
260 |c 2024 
650 4 |a tepelná záťaž  |2 slo 
650 4 |a tienenie  |2 slo 
650 4 |a radiácia  |2 slo 
650 4 |a shading  |2 eng 
650 4 |a thermal load  |2 eng 
650 4 |a radiation  |2 eng 
700 1 |a Masaryk, Michal  |u 020060  |k Z1  |4 ths  |U SjF Strojnícka fakulta  |T SjF Ústav energetických strojov a zariadení  |X 3392  |U J0060  |Y 805  |7 A000003392 
856 4 |u http://is.stuba.sk/zp/portal_zp.pl?podrobnosti=186160 
996 |b 284J047635  |c J* 3730/DBP  |l JJSK  |s A  |a 24  |w stuzp98747_0001